Fill the Colour Wheel - Statistics

General Stats
  • This quiz has been taken 408 times
  • The average score is 9 of 12
Answers on the Map
Answers color-coded by a green-red scale on the quiz's map according to % correct below.
 
Answer Stats
Class Answer % Correct
Primary Red
100%
Primary Yellow
99%
Primary Blue
98%
Secondary Green
98%
Secondary Orange
98%
Secondary Violet
97%
Tertiary Rose
80%
Tertiary Magenta
62%
Tertiary Cyan
53%
Tertiary Chartreuse
48%
Tertiary Spring Green
48%
Tertiary Azure
17%
No matching quizzes found
Score Distribution
Percent of People with Each Score
Percentile by Number Answered
Your Score History
You have not taken this quiz